[Event "GBR-ch110 Over 50"]
[Site "Hull"]
[Date "2024.07.30"]
[Round "2.3"]
[White "Ledger, Stephen C"]
[Black "Burnett, Andrew"]
[Result "1/2-1/2"]
[WhiteElo "2012"]
[BlackElo "2174"]
[PlyCount "193"]
[EventDate "2024.07.29"]
[EventType "swiss"]
[EventRounds "7"]
[EventCountry "GBR"]
[SourceTitle "BritBase"]
[Source "John Saunders"]
[SourceDate "2025.02.19"]
[SourceVersion "1"]
[SourceVersionDate "2025.02.19"]
[SourceQuality "1"]

1. d4 Nf6 2. Bg5 d5 3. e3 c5 4. c3 Qb6 5. Qb3 c4 6. Qc2 Ne4 7. Bf4 Bf5 8. Qc1 g5 9. Be5 f6 10. Bxb8 Rxb8 11. Nd2 h5 12. Ngf3 Qc7 13. Be2 e6 14. Bd1 Bd6 15. Bc2 Nxd2 16. Qxd2 Qh7 17. Rc1 b5 18. a3 a5 19. Bxf5 Qxf5 20. Qc2 Qxc2 21. Rxc2 b4 22. axb4 axb4 23. Ke2 Ra8 24. Rb1 b3 25. Rcc1 Ra2 26. Kf1 Kf7 27. Re1 Be7 28. e4 g4 29. Ng1 Bd6 30. h3 Rha8 31. exd5 exd5 32. hxg4 hxg4 33. g3 Rh8 34. Kg2 Rh5 35. f3 gxf3+ 36. Nxf3 Ra8 37. Ra1 Rxa1 38. Rxa1 Ke6 39. Nh4 Rg5 40. Re1+ Kd7 41. Re3 f5 42. Kh3 f4 43. gxf4 Bxf4 44. Rf3 Bc1 45. Rf2 Rg8 46. Nf3 Ra8 47. Ne5+ Kd6 48. Kg4 Ra2 49. Rf6+ Kc7 50. Rc6+ Kb7 51. Rc5 Bxb2 52. Rxd5 Ra4 53. Nxc4 Rxc4 54. Rb5+ Kc6 55. Rxb3 Bxc3 56. Kf5 Bxd4 57. Ke4 Bc5+ 58. Ke5 Rc1 59. Rd3 Re1+ 60. Kf5 Bd6 61. Rc3+ Kd7 62. Rc4 Rf1+ 63. Ke4 Ke6 64. Kd3 Be5 65. Ra4 Rf3+ 66. Ke2 Rb3 67. Ra5 Kf5 68. Ra4 Bf6 69. Rc4 Ke5 70. Ra4 Kd5 71. Rf4 Be5 72. Rg4 Rh3 73. Kd2 Bd4 74. Ke2 Re3+ 75. Kd2 Kc4 76. Rg8 Re7 77. Rc8+ Bc5 78. Rc6 Kd4 79. Rg6 Bb4+ 80. Kc2 Re4 81. Rg2 Kc4 82. Rh2 Bc3 83. Rg2 Rh4 84. Kd1 Re4 85. Re2 Rh4 86. Rg2 Rh3 87. Rf2 Kd3 88. Rd2+ Kc4 89. Rg2 Rh8 90. Ke2 Bd4 91. Kf3 Kd3 92. Rg6 Rf8+ 93. Kg4 Ke4 94. Re6+ Be5 95. Rg6 Rf1 96. Kh5 Bf4 97. Rg8 1/2-1/2

[Event "GBR-ch110 Over 50"]
[Site "Hull"]
[Date "2024.07.30"]
[Round "2.5"]
[White "Hasson, Peter"]
[Black "Townsend, M Paul"]
[Result "0-1"]
[WhiteElo "1993"]
[BlackElo "2146"]
[PlyCount "76"]
[EventDate "2024.07.29"]
[EventType "swiss"]
[EventRounds "7"]
[EventCountry "GBR"]
[SourceTitle "BritBase"]
[Source "John Saunders"]
[SourceDate "2025.02.19"]
[SourceVersion "1"]
[SourceVersionDate "2025.02.19"]
[SourceQuality "1"]

1. c4 e6 2. g3 Nf6 3. Bg2 d5 4. Nf3 Be7 5. O-O O-O 6. b3 c5 7. cxd5 exd5 8. d4 Nc6 9. Bb2 Ne4 10. Nc3 Bf6 11. e3 Bg4 12. h3 Bxf3 13. Bxf3 cxd4 14. Nxe4 dxe4 15. Bxe4 dxe3 16. Bxf6 Qxf6 17. fxe3 Qe6 18. Bxc6 Qxe3+ 19. Kg2 bxc6 20. Qf3 Qxf3+ 21. Rxf3 Rad8 22. Rc1 Rd6 23. Rc2 g6 24. Rfc3 Re8 25. h4 Ree6 26. b4 Rd4 27. Ra3 Rxb4 28. Rxa7 Kg7 29. Rc7 Rb6 30. Rf2 Rf6 31. Rc2 Ra6 32. Rc8 h5 33. Rc7 Ra3 34. R7xc6 Rff3 35. R6c4 Rxg3+ 36. Kh2 Rg4 37. Rc7 Rxh4+ 38. Kg2 Rg4+ 0-1

[Event "GBR-ch110 Over 50"]
[Site "Hull"]
[Date "2024.07.30"]
[Round "2.6"]
[White "Wheeler, James M"]
[Black "Minnican, Alan"]
[Result "1/2-1/2"]
[WhiteElo "1881"]
[BlackElo "2081"]
[PlyCount "55"]
[EventDate "2024.07.29"]
[EventType "swiss"]
[EventRounds "7"]
[EventCountry "GBR"]
[SourceTitle "BritBase"]
[Source "John Saunders"]
[SourceDate "2025.02.19"]
[SourceVersion "1"]
[SourceVersionDate "2025.02.19"]
[SourceQuality "1"]

1. d4 f5 2. Nc3 Nf6 3. Bg5 d5 4. Bxf6 exf6 5. e3 Be6 6. Bd3 g6 7. Nge2 Bf7 8. Nf4 h5 9. Qd2 Nc6 10. O-O-O Qd7 11. h3 h4 12. Bb5 a6 13. Ba4 b5 14. Bb3 Ne7 15. Nd3 Nc8 16. Nc5 Qc6 17. Qe2 Nb6 18. f3 Nc4 19. e4 dxe4 20. fxe4 Bh6+ 21. Kb1 O-O 22. exf5 gxf5 23. Qf2 Bg5 24. g3 hxg3 25. Qxg3 f4 26. Qf2 Rfe8 27. N3e4 Rxe4 28. Rc1 1/2-1/2

[Event "GBR-ch110 Over 50"]
[Site "Hull"]
[Date "2024.07.30"]
[Round "2.7"]
[White "McMichael, Richard J"]
[Black "Rich, Ben S"]
[Result "1/2-1/2"]
[WhiteElo "2132"]
[BlackElo "1869"]
[PlyCount "97"]
[EventDate "2024.07.29"]
[EventType "swiss"]
[EventRounds "7"]
[EventCountry "GBR"]
[SourceTitle "BritBase"]
[Source "John Saunders"]
[SourceDate "2025.02.19"]
[SourceVersion "1"]
[SourceVersionDate "2025.02.19"]
[SourceQuality "1"]

1. f4 c5 2. Nf3 d6 3. e4 e6 4. Be2 Nf6 5. d3 b5 6. O-O Bb7 7. h3 h5 8. Be3 Nbd7 9. Nbd2 Qc7 10. a4 b4 11. Ng5 Be7 12. c3 bxc3 13. bxc3 Ba6 14. Ndf3 Nh7 15. Nxh7 Rxh7 16. Ng5 Bxg5 17. fxg5 g6 18. d4 Qa5 19. Bxa6 Qxa6 20. Rb1 Rc8 21. Rf2 Ke7 22. e5 d5 23. dxc5 Rhh8 24. Qf3 Rhf8 25. Bd4 Rb8 26. Rxb8 Nxb8 27. c6 Qxc6 28. Bxa7 Nd7 29. a5 Qb5 30. Bd4 Qxa5 31. Kh2 Qc7 32. c4 Qxc4 33. Bb2 Ke8 34. Qe3 Qc7 35. Bd4 Rg8 36. Qa3 Rf8 37. Rf1 f5 38. gxf6 Rxf6 39. Rxf6 Nxf6 40. Qg3 Ne4 41. Qxg6+ Qf7 42. Qh6 Kd7 43. Qe3 Qg6 44. Bb2 h4 45. Kg1 Qg3 46. Qxg3 Nxg3 47. Kf2 Kc6 48. Ke3 Kc5 49. Kd3 1/2-1/2

[Event "GBR-ch110 Over 50"]
[Site "Hull"]
[Date "2024.07.30"]
[Round "2.8"]
[White "Kennedy, Craig"]
[Black "Crocker, Philip J"]
[Result "0-1"]
[WhiteElo "1871"]
[BlackElo "2122"]
[PlyCount "41"]
[EventDate "2024.07.29"]
[EventType "swiss"]
[EventRounds "7"]
[EventCountry "GBR"]
[SourceTitle "BritBase"]
[Source "John Saunders"]
[SourceDate "2025.02.19"]
[SourceVersion "1"]
[SourceVersionDate "2025.02.19"]
[SourceQuality "1"]

1. f4 d5 2. Nf3 g6 3. e3 Bg7 4. c4 Nf6 5. Nc3 O-O 6. Be2 c5 7. cxd5 Nxd5 8. O-O Nc6 9. a3 b6 10. Qc2 Bb7 11. Nxd5 Qxd5 12. Rb1 e5 13. e4 Qd6 14. f5 Nd4 15. Qd3 gxf5 16. Nxd4 Bxe4 17. Nxf5 Qxd3 18. Bxd3 Bxd3 19. Nxg7 Kxg7 20. Ra1 Bxf1 21. Kxf1 0-1

[Event "GBR-ch110 Over 50"]
[Site "Hull"]
[Date "2024.07.30"]
[Round "2.9"]
[White "Vleeshhouwer, Douglas"]
[Black "Dougherty, Michael"]
[Result "0-1"]
[WhiteElo "1923"]
[BlackElo "2112"]
[PlyCount "46"]
[EventDate "2024.07.29"]
[EventType "swiss"]
[EventRounds "7"]
[EventCountry "GBR"]
[SourceTitle "BritBase"]
[Source "John Saunders"]
[SourceDate "2025.02.19"]
[SourceVersion "1"]
[SourceVersionDate "2025.02.19"]
[SourceQuality "1"]

1. e4 c5 2. Nc3 e6 3. g3 d5 4. exd5 exd5 5. d4 Nf6 6. Bg5 cxd4 7. Qxd4 Be7 8. O-O-O Nc6 9. Qa4 d4 10. Nge2 O-O 11. Nxd4 Nxd4 12. Qxd4 Qa5 13. Qe3 Be6 14. Bxf6 Bxf6 15. a3 Rac8 16. Ne4 Be7 17. Be2 Rc6 18. Rd3 Rfc8 19. Rc3 Rxc3 20. Nxc3 Bxa3 21. bxa3 Rxc3 22. Bd3 Rxa3 23. Kd1 Ra1+ 0-1

[Event "GBR-ch110 Over 50"]
[Site "Hull"]
[Date "2024.07.30"]
[Round "2.10"]
[White "Farrell, Neil R"]
[Black "Keely, Leo A"]
[Result "1-0"]
[WhiteElo "2099"]
[BlackElo "1923"]
[PlyCount "93"]
[EventDate "2024.07.29"]
[EventType "swiss"]
[EventRounds "7"]
[EventCountry "GBR"]
[SourceTitle "BritBase"]
[Source "John Saunders"]
[SourceDate "2025.02.19"]
[SourceVersion "1"]
[SourceVersionDate "2025.02.19"]
[SourceQuality "1"]

1. d4 Nf6 2. c4 g6 3. Nc3 Bg7 4. e4 d6 5. h3 O-O 6. Be3 c5 7. d5 e6 8. Nf3 exd5 9. cxd5 a6 10. a4 Re8 11. Nd2 Nbd7 12. Be2 Rb8 13. O-O Nf8 14. Qc2 h6 15. Rab1 g5 16. b4 cxb4 17. Rxb4 Ra8 18. Nc4 Ng6 19. Rb6 Qe7 20. Nxd6 Rd8 21. Nc4 g4 22. d6 Qe8 23. hxg4 Bxg4 24. Rxb7 Bxe2 25. Qxe2 Nxe4 26. Nxe4 Qxe4 27. Rc7 Nh4 28. f3 Qg6 29. Rd1 Qg3 30. Qf2 Be5 31. f4 Qg4 32. Rd5 Bf6 33. Ne5 Qe6 34. Qd2 Rab8 35. Nxf7 Rb1+ 36. Kh2 Nf3+ 37. gxf3 Rb2 38. Nxh6+ Kf8 39. Qxb2 Bxb2 40. Rf5+ Bf6 41. Rf7+ Ke8 42. R5xf6 Qa2+ 43. Kg3 Rxd6 44. Rxd6 Qc2 45. Re6+ Kd8 46. Bb6+ Kc8 47. Re8# 1-0

[Event "GBR-ch110 Over 50"]
[Site "Hull"]
[Date "2024.07.30"]
[Round "2.11"]
[White "Henderson, David"]
[Black "Watson, Simon"]
[Result "1/2-1/2"]
[WhiteElo "2057"]
[BlackElo "1780"]
[PlyCount "95"]
[EventDate "2024.07.29"]
[EventType "swiss"]
[EventRounds "7"]
[EventCountry "GBR"]
[SourceTitle "BritBase"]
[Source "John Saunders"]
[SourceDate "2025.02.19"]
[SourceVersion "1"]
[SourceVersionDate "2025.02.19"]
[SourceQuality "1"]

1. e4 d6 2. d4 Nf6 3. Nc3 g6 4. Nf3 Bg7 5. Be3 O-O 6. Qd2 c6 7. Bh6 b5 8. Bd3 Qa5 9. Bxg7 Kxg7 10. O-O a6 11. a3 Qc7 12. e5 Nd5 13. Nxd5 cxd5 14. Rae1 Nc6 15. Qf4 b4 16. a4 a5 17. Re3 Nd8 18. Rfe1 Qd7 19. h3 Ne6 20. Qg3 Qxa4 21. exd6 exd6 22. Qxd6 Qd7 23. Qe5+ Kg8 24. Nh4 Qc7 25. Nf5 Qxe5 26. Ne7+ Kg7 27. Rxe5 Nxd4 28. Rxd5 Ne6 29. Nxc8 Rfxc8 30. Rb5 Rcb8 31. Rxb8 Rxb8 32. b3 Nc5 33. Bc4 Rb7 34. f4 a4 35. bxa4 Nxa4 36. Re5 Nc3 37. Kf2 Rc7 38. Bd3 Rd7 39. Rc5 Kf6 40. Rc6+ Ke7 41. g3 Rb7 42. Ke3 Kd7 43. Rc4 Nd5+ 44. Kd4 Nc7 45. Ke5 Rb6 46. Rd4+ Ke7 47. Bc4 Nb5 48. Bxb5 1/2-1/2

[Event "GBR-ch110 Over 50"]
[Site "Hull"]
[Date "2024.07.30"]
[Round "2.12"]
[White "Faulkner, Martin J"]
[Black "Brett, Andrew R"]
[Result "0-1"]
[WhiteElo "1803"]
[BlackElo "2052"]
[PlyCount "118"]
[EventDate "2024.07.29"]
[EventType "swiss"]
[EventRounds "7"]
[EventCountry "GBR"]
[SourceTitle "BritBase"]
[Source "John Saunders"]
[SourceDate "2025.02.19"]
[SourceVersion "1"]
[SourceVersionDate "2025.02.19"]
[SourceQuality "1"]

1. c4 e5 2. g3 Nf6 3. Bg2 c6 4. d4 e4 5. Nc3 d5 6. Bg5 Nbd7 7. cxd5 cxd5 8. Rc1 h6 9. Bd2 Bd6 10. Qb3 O-O 11. Nxd5 Nxd5 12. Qxd5 Nf6 13. Qb3 Be6 14. Qa4 Qb6 15. Nh3 Qxb2 16. Rc2 Qb1+ 17. Rc1 Qxa2 18. Qxa2 Bxa2 19. O-O Rfc8 20. e3 Bc4 21. Rfe1 g5 22. f3 Bd5 23. fxe4 Bxe4 24. Bf1 Rxc1 25. Rxc1 a5 26. Nf2 a4 27. Bc3 Rc8 28. Nxe4 Nxe4 29. Bb2 Rxc1 30. Bxc1 Nc3 31. Bb2 Nd1 32. Bc1 a3 33. Bc4 b5 34. Bb3 Nc3 35. Bd2 Ne4 36. Be1 g4 37. Kg2 Kg7 38. Kf1 h5 39. Kg2 f5 40. Ba2 Kf6 41. Bb3 Kg5 42. Kf1 Kg6 43. Kg2 Be7 44. Kf1 Ng5 45. Ke2 Nf3 46. h4 Nxe1 47. Kxe1 Bd6 48. Kf2 Kf6 49. Bd5 Ke7 50. Bg8 Kd7 51. Bd5 Kc7 52. Be6 Kb6 53. Bf7 Ka5 54. Ke2 Bxg3 55. Kd2 Bxh4 56. Kc2 g3 57. Bd5 Bg5 58. Bg2 Bxe3 59. d5 Bc5 0-1

[Event "GBR-ch110 Over 50"]
[Site "Hull"]
[Date "2024.07.30"]
[Round "2.13"]
[White "Strugar, Ioan"]
[Black "Regan, Natasha K"]
[Result "0-1"]
[WhiteElo "1664"]
[BlackElo "2015"]
[PlyCount "70"]
[EventDate "2024.07.29"]
[EventType "swiss"]
[EventRounds "7"]
[EventCountry "GBR"]
[SourceTitle "BritBase"]
[Source "John Saunders"]
[SourceDate "2025.02.19"]
[SourceVersion "1"]
[SourceVersionDate "2025.02.19"]
[SourceQuality "1"]

1. e4 e5 2. d4 exd4 3. Bc4 Nf6 4. Nf3 Nxe4 5. Qxd4 Nd6 6. Bb3 Nc6 7. Qf4 Be7 8. O-O O-O 9. Re1 Na5 10. Nc3 Nxb3 11. axb3 Re8 12. Be3 b6 13. Rad1 Bb7 14. Ne5 f6 15. Nc4 Bf8 16. Nd5 Re6 17. Qg3 Rc8 18. Nf4 Re4 19. Bd2 Nxc4 20. bxc4 Bd6 21. c5 Bxc5 22. Nh5 Qe7 23. Bc3 Rf8 24. Qxc7 Re8 25. Ng3 Rxe1+ 26. Rxe1 Qxe1+ 27. Bxe1 Rxe1+ 28. Nf1 Ba6 29. Qd8+ Bf8 30. h4 Rxf1+ 31. Kh2 Rd1 32. Qa8 Bc4 33. b3 Bd5 34. Qxa7 Bd6+ 35. g3 Rh1# 0-1

[Event "GBR-ch110 Over 50"]
[Site "Hull"]
[Date "2024.07.30"]
[Round "2.14"]
[White "Wilson, Matthew R"]
[Black "Mason, Donald J"]
[Result "1/2-1/2"]
[WhiteElo "1832"]
[BlackElo "2003"]
[PlyCount "46"]
[EventDate "2024.07.29"]
[EventType "swiss"]
[EventRounds "7"]
[EventCountry "GBR"]
[SourceTitle "BritBase"]
[Source "John Saunders"]
[SourceDate "2025.02.19"]
[SourceVersion "1"]
[SourceVersionDate "2025.02.19"]
[SourceQuality "1"]

1. e4 c5 2. Nf3 Nc6 3. Bb5 Nf6 4. e5 Nd5 5. Nc3 Nc7 6. Bxc6 dxc6 7. h3 g6 8. d3 Bg7 9. O-O O-O 10. a4 a5 11. Ne4 b6 12. Qe2 Be6 13. Bf4 Nd5 14. Bh2 Qd7 15. Nfd2 h6 16. Nc4 Rfe8 17. Kh1 f5 18. exf6 exf6 19. Qd2 f5 20. Ned6 Re7 21. c3 Rf8 22. Rfe1 f4 23. Ne4 g5 1/2-1/2

[Event "GBR-ch110 Over 50"]
[Site "Hull"]
[Date "2024.07.30"]
[Round "2.15"]
[White "Handley, Michael R"]
[Black "Jaszkiwskyj, Peter"]
[Result "1-0"]
[WhiteElo "2007"]
[BlackElo "1857"]
[PlyCount "119"]
[EventDate "2024.07.29"]
[EventType "swiss"]
[EventRounds "7"]
[EventCountry "GBR"]
[SourceTitle "BritBase"]
[Source "John Saunders"]
[SourceDate "2025.02.19"]
[SourceVersion "1"]
[SourceVersionDate "2025.02.19"]
[SourceQuality "1"]

1. d4 d5 2. c4 e6 3. Nc3 Nf6 4. Bg5 Be7 5. e3 O-O 6. Nf3 h6 7. Bh4 b6 8. Be2 Bb7 9. Bxf6 Bxf6 10. cxd5 exd5 11. O-O c5 12. Rc1 Nd7 13. dxc5 Nxc5 14. Nd4 Rc8 15. Bg4 Ra8 16. Bf3 Qd7 17. b4 Ne4 18. Qd3 Rfe8 19. h3 Qd6 20. Ncb5 Qxb4 21. Nc7 Qa4 22. Nxe8 Rxe8 23. Qb3 Qd7 24. Bg4 Qe7 25. Rfd1 Nc5 26. Qc2 Qe5 27. Qf5 Qe7 28. Bf3 g6 29. Qc2 Qe5 30. Nb3 Be7 31. Qc3 Qg5 32. Nxc5 Bxc5 33. Rd3 d4 34. exd4 Bxd4 35. Qc2 Bxf3 36. Rxf3 Bc5 37. Qc4 Qe7 38. Rd1 Qe6 39. Qxe6 Rxe6 40. Rd8+ Kg7 41. Rd7 Re7 42. Rxe7 Bxe7 43. Kf1 Bc5 44. g4 g5 45. Rf5 Kg6 46. Ke2 f6 47. a4 a5 48. Kd3 h5 49. Kc4 hxg4 50. hxg4 Kf7 51. Rxc5 bxc5 52. Kxc5 Ke6 53. Kb5 f5 54. Kxa5 fxg4 55. Kb5 Ke5 56. a5 Kf4 57. a6 Kf3 58. a7 Kxf2 59. a8=Q g3 60. Qf8+ 1-0

[Event "GBR-ch110 Over 50"]
[Site "Hull"]
[Date "2024.07.30"]
[Round "2.16"]
[White "Zeidler, Sven P"]
[Black "Turner, Tim M"]
[Result "1-0"]
[WhiteElo "2116"]
[BlackElo "1860"]
[PlyCount "65"]
[EventDate "2024.07.29"]
[EventType "swiss"]
[EventRounds "7"]
[EventCountry "GBR"]
[SourceTitle "BritBase"]
[Source "John Saunders"]
[SourceDate "2025.02.19"]
[SourceVersion "1"]
[SourceVersionDate "2025.02.19"]
[SourceQuality "1"]

1. e4 d5 2. exd5 Qxd5 3. Nf3 Bg4 4. Be2 Nc6 5. O-O O-O-O 6. Re1 e6 7. Nc3 Qf5 8. h3 Bxf3 9. Bxf3 Nge7 10. d3 Kb8 11. Be4 Qf6 12. Qh5 g6 13. Qg5 Bg7 14. Qg3 Nf5 15. Bg5 Nxg3 16. Bxf6 Bxf6 17. Bxc6 Nf5 18. Ba4 h5 19. Rab1 Rd4 20. Bb3 c6 21. Ne4 Be7 22. Nd2 Rdd8 23. Nf3 Bf6 24. Re4 g5 25. Ne5 Nd6 26. Re3 Rhf8 27. Rbe1 Kc7 28. c3 Nf5 29. Rf3 Bxe5 30. Rxe5 Kd6 31. d4 Rde8 32. Bc2 Ne7 33. Rxg5 1-0

[Event "GBR-ch110 Over 50"]
[Site "Hull"]
[Date "2024.07.30"]
[Round "2.17"]
[White "Brown, Alan M"]
[Black "Wheeler, Tim"]
[Result "1/2-1/2"]
[WhiteElo "1974"]
[BlackElo "1825"]
[PlyCount "102"]
[EventDate "2024.07.29"]
[EventType "swiss"]
[EventRounds "7"]
[EventCountry "GBR"]
[SourceTitle "BritBase"]
[Source "John Saunders"]
[SourceDate "2025.02.19"]
[SourceVersion "1"]
[SourceVersionDate "2025.02.19"]
[SourceQuality "1"]

1. d4 Nf6 2. c4 c5 3. Nf3 cxd4 4. Nxd4 e6 5. e3 Nc6 6. Be2 a6 7. O-O d5 8. cxd5 exd5 9. b3 Be7 10. Bb2 O-O 11. Nd2 Nxd4 12. Bxd4 Be6 13. Bb2 Rc8 14. Rc1 Qd6 15. Nf3 Ne4 16. Rxc8 Rxc8 17. Qa1 f6 18. Rc1 Rc5 19. Nd4 Bd7 20. Bd3 Bd8 21. Ba3 Rxc1+ 22. Qxc1 Qc7 23. Qxc7 Bxc7 24. Ne2 g5 25. f3 Nd6 26. Ng3 h6 27. Bxd6 Bxd6 28. Bf5 Bxf5 29. Nxf5 Bf8 30. g4 Kf7 31. Kf2 Ke6 32. Ke2 Ke5 33. Kd3 h5 34. Nd4 hxg4 35. fxg4 Bc5 36. Nf3+ Ke6 37. e4 dxe4+ 38. Kxe4 Bf2 39. a4 Bc5 40. h4 gxh4 41. Nxh4 b5 42. axb5 axb5 43. Ng2 Bd6 44. Ne3 b4 45. Nd5 Bf8 46. Nf4+ Kf7 47. Kf5 Bd6 48. Nd5 Be7 49. Ke4 Bd6 50. Kd4 Kg6 51. Ke4 Be7 1/2-1/2

[Event "GBR-ch110 Over 50"]
[Site "Hull"]
[Date "2024.07.30"]
[Round "2.18"]
[White "Swiatkowski, Aram"]
[Black "Kilshaw, Joe"]
[Result "0-1"]
[WhiteElo "1782"]
[BlackElo "1937"]
[PlyCount "48"]
[EventDate "2024.07.29"]
[EventType "swiss"]
[EventRounds "7"]
[EventCountry "GBR"]
[SourceTitle "BritBase"]
[Source "John Saunders"]
[SourceDate "2025.02.19"]
[SourceVersion "1"]
[SourceVersionDate "2025.02.19"]
[SourceQuality "1"]

1. e4 c6 2. Nf3 d5 3. Nc3 dxe4 4. Nxe4 Bf5 5. Ng3 Bg6 6. h4 h6 7. h5 Bh7 8. Bc4 e6 9. d3 Nf6 10. Bf4 Bd6 11. Qd2 Bxf4 12. Qxf4 Nbd7 13. O-O-O O-O 14. Ne4 Nd5 15. Bxd5 cxd5 16. Nc3 Qa5 17. g4 f6 18. Qd6 Nc5 19. d4 Ne4 20. Qxe6+ Kh8 21. Nxe4 Bxe4 22. Nh4 Rfc8 23. Kb1 Rxc2 24. Ka1 Rxb2 0-1

[Event "GBR-ch110 Over 50"]
[Site "Hull"]
[Date "2024.07.30"]
[Round "2.19"]
[White "Giulian, Rosemary A"]
[Black "Morrison, Munroe L"]
[Result "1/2-1/2"]
[WhiteElo "1935"]
[BlackElo "1799"]
[PlyCount "32"]
[EventDate "2024.07.29"]
[EventType "swiss"]
[EventRounds "7"]
[EventCountry "GBR"]
[SourceTitle "BritBase"]
[Source "John Saunders"]
[SourceDate "2025.02.19"]
[SourceVersion "1"]
[SourceVersionDate "2025.02.19"]
[SourceQuality "1"]

1. e4 d6 2. d4 Nf6 3. Nc3 e5 4. Nf3 Nbd7 5. Bc4 Be7 6. O-O O-O 7. a4 a5 8. h3 c6 9. Re1 h6 10. Bb3 Re8 11. Be3 exd4 12. Nxd4 Bf8 13. Bf4 Ne5 14. Nf3 Qc7 15. Nxe5 dxe5 16. Be3 Be6 1/2-1/2

[Event "GBR-ch110 Over 50"]
[Site "Hull"]
[Date "2024.07.30"]
[Round "2.21"]
[White "Baer, Bruce L"]
[Black "Lynch, Chris"]
[Result "1-0"]
[WhiteElo "1926"]
[BlackElo "1595"]
[PlyCount "51"]
[EventDate "2024.07.29"]
[EventType "swiss"]
[EventRounds "7"]
[EventCountry "GBR"]
[SourceTitle "BritBase"]
[Source "John Saunders"]
[SourceDate "2025.02.19"]
[SourceVersion "1"]
[SourceVersionDate "2025.02.19"]
[SourceQuality "1"]

1. Nf3 c5 2. g3 g6 3. Bg2 Bg7 4. d3 d6 5. e4 Nf6 6. O-O O-O 7. Re1 e5 8. c3 b5 9. d4 Qc7 10. Na3 a6 11. h3 Nbd7 12. d5 Rb8 13. c4 b4 14. Nc2 Nb6 15. Qd3 Bd7 16. g4 Qc8 17. Nh4 h5 18. g5 Nh7 19. f4 Qe8 20. f5 Bc8 21. f6 Bh8 22. Qg3 Rb7 23. Ne3 Rd7 24. Rf1 Qd8 25. Nef5 Bb7 26. Nh6# 1-0

[Event "GBR-ch110 Over 50"]
[Site "Hull"]
[Date "2024.07.31"]
[Round "3.1"]
[White "Arkell, Keith C"]
[Black "Okike, David C"]
[Result "1-0"]
[WhiteElo "2386"]
[BlackElo "2157"]
[PlyCount "157"]
[EventDate "2024.07.29"]
[EventType "swiss"]
[EventRounds "7"]
[EventCountry "GBR"]
[SourceTitle "BritBase"]
[Source "John Saunders"]
[SourceDate "2025.02.19"]
[SourceVersion "1"]
[SourceVersionDate "2025.02.19"]
[SourceQuality "1"]

1. d4 Nf6 2. Nf3 e6 3. c4 Bb4+ 4. Bd2 a5 5. g3 b6 6. Bg2 Ba6 7. Ne5 c6 8. Bxb4 axb4 9. a3 bxa3 10. Rxa3 O-O 11. Nc3 d5 12. Qa1 Qc8 13. O-O Nfd7 14. b4 Nxe5 15. dxe5 Nd7 16. b5 cxb5 17. cxd5 b4 18. dxe6 bxa3 19. exd7 Qxd7 20. Bxa8 Rxa8 21. Qxa3 Qc6 22. Rd1 h6 23. Qb4 Bb7 24. Nd5 Qc2 25. Qd2 Qe4 26. f3 Qxe5 27. Nxb6 Re8 28. Kf2 Ba6 29. e3 Qh5 30. h4 Bb7 31. e4 Qc5+ 32. Qd4 Qc2+ 33. Qd2 Qc5+ 34. Qd4 Qc2+ 35. Rd2 Qc1 36. Kg2 Ba6 37. Rd1 Qc2+ 38. Rd2 Qc1 39. Rd1 Qc2+ 40. Qd2 Qb3 41. Nd5 Kh8 42. Rc1 Rd8 43. Qc2 Qa3 44. Qc5 Qb2+ 45. Rc2 Qb1 46. Qf2 Rb8 47. h5 Bd3 48. Rd2 Qc1 49. g4 Bf1+ 50. Kg3 Qa1 51. Qd4 Qe1+ 52. Rf2 Ba6 53. Ne3 Qg1+ 54. Rg2 Qe1+ 55. Kf4 f6 56. Qa7 Rb3 57. Nf5 Qc1+ 58. Kg3 Bb7 59. Qb8+ Qc8 60. Qxc8+ Bxc8 61. Ne7 Bb7 62. Kf4 Ba6 63. Rd2 Rb8 64. Rd7 Re8 65. Rc7 Be2 66. Ke3 Bd1 67. Kf4 Ra8 68. Kg3 Rb8 69. Nf5 Rb3 70. Rc8+ Kh7 71. Nh4 g5 72. hxg6+ Kg7 73. Nf5+ Kxg6 74. Rc7 Rxf3+ 75. Kh4 Rh3+ 76. Kxh3 Bxg4+ 77. Kxg4 h5+ 78. Kf4 h4 79. Kg4 1-0

[Event "GBR-ch110 Over 50"]
[Site "Hull"]
[Date "2024.07.31"]
[Round "3.2"]
[White "Townsend, M Paul"]
[Black "Dishman, Stephen"]
[Result "0-1"]
[WhiteElo "2146"]
[BlackElo "2306"]
[PlyCount "92"]
[EventDate "2024.07.29"]
[EventType "swiss"]
[EventRounds "7"]
[EventCountry "GBR"]
[SourceTitle "BritBase"]
[Source "John Saunders"]
[SourceDate "2025.02.19"]
[SourceVersion "1"]
[SourceVersionDate "2025.02.19"]
[SourceQuality "1"]

1. d4 d5 2. Bf4 Nf6 3. e3 e6 4. Nd2 c5 5. c3 Nc6 6. Ngf3 Nh5 7. Bg5 f6 8. Bh4 g6 9. Be2 cxd4 10. Nxd4 Ng7 11. Nxc6 bxc6 12. e4 Be7 13. f3 O-O 14. Bf2 e5 15. O-O Ne6 16. Re1 a5 17. Qc2 Bc5 18. Bxc5 Nxc5 19. Rad1 Qb6 20. Kh1 a4 21. b4 axb3 22. axb3 Be6 23. b4 Nb7 24. Ra1 Kg7 25. Bd3 Ra7 26. Nb3 Rfa8 27. Rxa7 Qxa7 28. h3 Qa2 29. Ra1 Qxc2 30. Bxc2 Rxa1+ 31. Nxa1 f5 32. Nb3 dxe4 33. fxe4 Bxb3 34. Bxb3 Nd6 35. exf5 gxf5 36. c4 Kf6 37. Kg1 e4 38. c5 Nb5 39. Kf2 Ke5 40. Bg8 h6 41. Bf7 Nd4 42. Be8 f4 43. h4 e3+ 44. Kf1 Kf5 45. h5 Ke5 46. Kg1 Nc2 0-1

[Event "GBR-ch110 Over 50"]
[Site "Hull"]
[Date "2024.07.31"]
[Round "3.3"]
[White "Burnett, Andrew"]
[Black "Brett, Andrew R"]
[Result "1/2-1/2"]
[WhiteElo "2174"]
[BlackElo "2052"]
[PlyCount "103"]
[EventDate "2024.07.29"]
[EventType "swiss"]
[EventRounds "7"]
[EventCountry "GBR"]
[SourceTitle "BritBase"]
[Source "John Saunders"]
[SourceDate "2025.02.19"]
[SourceVersion "1"]
[SourceVersionDate "2025.02.19"]
[SourceQuality "1"]

1. d4 Nf6 2. c4 e6 3. g3 d5 4. Nf3 Bb4+ 5. Nc3 O-O 6. Bg2 dxc4 7. O-O Nc6 8. Qa4 Nd5 9. Qb5 Nxc3 10. bxc3 Bxc3 11. Rb1 Qd5 12. Qa4 Nxd4 13. Nxd4 Qxd4 14. Ba3 c5 15. Rfd1 Qe5 16. Qxc4 Bb4 17. Bxb4 cxb4 18. Rxb4 h6 19. a4 a6 20. h4 Rb8 21. Rb6 Ra8 22. e3 Qa5 23. Qb3 Qc5 24. Rd4 Qc1+ 25. Kh2 Qc7 26. Rc4 Qd8 27. Qb2 Qe7 28. Qc3 Rd8 29. Rc7 Qe8 30. a5 Rd7 31. Rc5 Qd8 32. Be4 Rd2 33. Kg2 Rd1 34. Bb1 Bd7 35. Qc2 Rxb1 36. Rxb1 Bc6+ 37. f3 Rc8 38. Qc3 Qd6 39. Kf2 Rd8 40. Re1 Qd7 41. e4 Qd6 42. Qe3 e5 43. h5 Qe6 44. g4 Rd4 45. Rec1 Qd6 46. Kg3 Kh7 47. R1c3 f6 48. Qc1 Rd2 49. Qe1 Rd1 50. Qe3 Rd4 51. Qc1 Rd1 52. Qe3 1/2-1/2

[Event "GBR-ch110 Over 50"]
[Site "Hull"]
[Date "2024.07.31"]
[Round "3.4"]
[White "Crocker, Philip J"]
[Black "Ledger, Stephen C"]
[Result "1/2-1/2"]
[WhiteElo "2122"]
[BlackElo "2012"]
[PlyCount "60"]
[EventDate "2024.07.29"]
[EventType "swiss"]
[EventRounds "7"]
[EventCountry "GBR"]
[SourceTitle "BritBase"]
[Source "John Saunders"]
[SourceDate "2025.02.19"]
[SourceVersion "1"]
[SourceVersionDate "2025.02.19"]
[SourceQuality "1"]

1. c4 e5 2. g3 Nc6 3. Bg2 g6 4. Nc3 Bg7 5. e3 d6 6. Nge2 f5 7. O-O Nf6 8. b3 O-O 9. d4 e4 10. Nf4 g5 11. Nh5 Nxh5 12. Qxh5 Be6 13. Bd2 g4 14. Nxe4 fxe4 15. Bxe4 Rf6 16. Qxh7+ Kf8 17. f3 Bg8 18. Qh5 gxf3 19. Rxf3 Bf7 20. Rxf6 Qxf6 21. Qh7 Qh6 22. Rf1 Qxh7 23. Bxh7 Ke7 24. d5 Ne5 25. e4 Bf6 26. h3 Ng6 27. Kg2 Ne5 28. Bf5 Rg8 29. Kh2 Bh5 30. g4 Bf7 1/2-1/2